Klasický a abstraktní model v architektuře 20.století /

Saved in:
Bibliographic Details
Main Author: Urlich, Petr (Author)
Format: Book
Language:Czech
Published: Praha : České vysoké učení technické v Praze, 1992
Tags: Add Tag
No Tags, Be the first to tag this record!

MARC

LEADER 00000nam a22000003a 4500
001 stu27402
005 20150617225739.5
008 940223s1992----cs------------------cze-d
020 |a 80-01-00869-X 
040 |a STU  |b slo 
041 0 |a cze 
044 |a cs 
100 1 |a Urlich, Petr  |4 aut 
245 1 |a Klasický a abstraktní model v architektuře 20.století /  |c [aut]Urlich,Petr 
260 |a Praha :  |b České vysoké učení technické v Praze,  |c 1992 
300 |a 146 s 
996 |b 284V029178  |c V*34728/S-93  |l VVT  |s A  |a 24  |w stu27402_0001